00890cam a2200229Ia 450000500170000000800410001702000180005803500210007604000500009704100080014710000220015524500980017726000740027530000180034949000560036750400530042365000480047665000250052465000250054965000390057465100470061320150313081904.0150313s2003 xxu fr 001 0 eng d a9780226210728 a(OCoLC)527736318 aCO-BoUCMbspacJose A. GerenadJose A. Gerena0 aeng1 aEntman, Robert M.10aProjections of powerbframing news, public opinion, and U.S. foreign policycRobert M. Entman aChicago (Illinois, Estados Unidos)bUniversity of Chicago pressc2004 a229 páginas1 aStudies in communication, media, and public opinion aIncluye referencias bibliográficas e índices 7aRelaciones internacionales zEstados Unidos 7aPolítica y prensa  7aOpinión pública  7aMedios de comunicación de masas  4aEstados UnidosxRelaciones internacionales